Mor ve Ötesi Şarkıları - Statistics

General Stats
  • This quiz has been taken 18 times
  • The average score is 31 of 105
Answer Stats
Hint Answer % Correct
Gül Kendine Bir
82%
Dünya Yalan Söylüyor Bir Derdim Var
73%
Bırak Zaman Aksın 23
64%
Dünya Yalan Söylüyor Cambaz
64%
Dünya Yalan Söylüyor Sevda Çiçeği
64%
Dünya Yalan Söylüyor Az Çok
55%
Büyük Düşler Darbe
55%
Başıbozuk Deli
55%
Dünya Yalan Söylüyor Re
55%
Şehir Şehir
55%
Büyük Düşler Şirket
55%
Dünya Yalan Söylüyor Uyan
55%
Dünya Yalan Söylüyor Yardım Et
55%
Yaz Yaz Yaz Yaz
55%
Masumiyetin Ziyan Olmaz Araf
45%
Dünya Yalan Söylüyor Aşk İçinde
45%
Bırak Zaman Aksın Balıklar
45%
Gül Kendine Bazen
45%
Masumiyetin Ziyan Olmaz Camgezer
45%
Büyük Düşler Çocuklar ve Hayvanlar
45%
Sirenler İstiklal
45%
Büyük Düşler Kış Geliyor
45%
Büyük Düşler Küçük Sevgilim
45%
Masumiyetin Ziyan Olmaz Nakba
45%
Sirenler Park
45%
Büyük Düşler Parti
45%
Başıbozuk Sonbahar
45%
Dünya Yalan Söylüyor Son Deneme
45%
Güneşi Beklerken Yağmur, Teşekkürler
45%
Sirenler Adamın Dibi
36%
Büyük Düşler Ayıp Olmaz Mı
36%
Bırak Zaman Aksın Beyaz
36%
Büyük Düşler Büyük Düşler
36%
Gül Kendine Daha Mutlu Olamam
36%
Gül Kendine Doğru Yanlış
36%
Sirenler Dünyaya Bedel
36%
Güneşi Beklerken Eski Şarkısı
36%
Gül Kendine Gece
36%
Gül Kendine Gül Kendine
36%
Güneşi Beklerken Güneşi Beklerken
36%
Şehir İthaf
36%
Büyük Düşler Kördüğüm
36%
Loveliest Mistake Loveliest Mistake
36%
Masumiyetin Ziyan Olmaz Meksika
36%
Bırak Zaman Aksın Ne
36%
Güneşi Beklerken Oyunbozan
36%
Şehir Rüya
36%
Bırak Zaman Aksın Şarkıcı Çocuk
36%
Dünya Yalan Söylüyor Serseri
36%
Şehir Yalnız Şarkı
36%
Masumiyetin Ziyan Olmaz 2012
27%
Masumiyetin Ziyan Olmaz Bisiklet
27%
Gül Kendine Canlı Yayın
27%
Masumiyetin Ziyan Olmaz Festus
27%
Sirenler Forsa
27%
Masumiyetin Ziyan Olmaz Korkma
27%
Tekli Melekler Ölmez
27%
Şehir Past
27%
Bırak Zaman Aksın Pis
27%
Şehir Reality
27%
Şehir Sabahın Köründe
27%
Güneşi Beklerken Son Sabah
27%
Masumiyetin Ziyan Olmaz Sor
27%
Sirenler Tünel
27%
Bırak Zaman Aksın Tv'deki Kız
27%
Şehir Uyku
27%
Tekli Anlatamıyorum
18%
Güneşi Beklerken Bahar
18%
Bırak Zaman Aksın Bırakmazlar Yakamı
18%
Bırak Zaman Aksın Boşver
18%
Büyük Düşler Durma Öyle
18%
Gül Kendine Eksik
18%
Sirenler Hazinende
18%
Başıbozuk İddia
18%
Sirenler Linç
18%
Bırak Zaman Aksın Mucize
18%
Bırak Zaman Aksın Özgürlük
18%
Katkı Albümleri Savaşa Hiç Gerek Yok
18%
Bırak Zaman Aksın Son Giden
18%
Güneşi Beklerken Tamiri Mümkün Kalbinin
18%
Bırak Zaman Aksın Yeşillik
18%
Masumiyetin Ziyan Olmaz Yorma Kendini
18%
Güneşi Beklerken Boş Bir Dünya
9%
Bırak Zaman Aksın Çelişki
9%
Güneşi Beklerken Denize Doğru
9%
Loveliest Mistake Dependence Day
9%
Yaz Güneye Giderken
9%
Gül Kendine Hep Aynı
9%
Sirenler Kaptan
9%
Masumiyetin Ziyan Olmaz Kara Kutu
9%
Güneşi Beklerken Mermiler
9%
Gül Kendine Orda Durma
9%
Güneşi Beklerken Sana Değmez
9%
Şehir Sessizlik
9%
Büyük Düşler Sonu Belli
9%
Tekli Sultan-ı Yegah
9%
Şehir The Faithful Lover
9%
Katkı Albümleri 1945
0%
Sirenler Ağrılar
0%
Sirenler Canavar
0%
Katkı Albümleri Sen Varsın
0%
Güneşi Beklerken Gel Söndür Beni
0%
Gül Kendine Hayat
0%
Büyük Düşler Saklama
0%
Katkı Albümleri Telli Telli
0%
No matching quizzes found
Score Distribution
Percent of People with Each Score
Percentile by Number Answered
Your Score History
You have not taken this quiz